=LDR 00000nam 2200000 4500 =001 INLIS000000000023610 =005 20130612122246 =008 ***********************************Ind** =035 ##$$0010-061300000023610 =041 ##$$a Ind =082 ##$$a 530 =090 ##$$a 530, Sud-a =100 ##$$a Sudojo, Peter =245 ##$$a Azas-azas ilmu fisika Jilid 1, Fisika mekanis dan termodinamika, Dr. Peter Soedojo .Sc =260 ##$$a 1986 $b Yogyakarta =300 ##$$a ...Jil , ilus., 21 cm =650 ##$$a Fisika mekanis =850 ##$$a NBPNMAT =990 ##$$a 00050264 =990 ##$$a 47.362/Pro.92